[Event "Biel Blitz op 58th"]
[Site "Biel"]
[Date "2025.07.20"]
[Round "7"]
[White "Yu, Tianxiang Carlos"]
[Black "Jehnichen, Kai"]
[Result "1/2-1/2"]
[WhiteElo "1860"]
[BlackElo "1992"]
[PlyCount "191"]
[EventDate "2025.07.20"]
[EventType "swiss (blitz)"]
[EventRounds "13"]
[EventCountry "SUI"]
[SourceTitle "CB30_2025"]
[SourceDate "2025.07.23"]
[SourceVersion "1"]
[SourceVersionDate "2025.07.23"]
[SourceQuality "1"]

1. e4 c5 2. Nf3 g6 3. d4 cxd4 4. Qxd4 Nf6 5. Nc3 Nc6 6. Qa4 d6 7. e5 dxe5 8. Nxe5 Bg7 9. Bb5 Bd7 10. Nxd7 Nxd7 11. Bxc6 bxc6 12. Qxc6 Rc8 13. Qf3 0-0 14. 0-0 Ne5 15. Qe2 Nc4 16. Nd1 Qc7 17. c3 a5 18. Ne3 Nb6 19. Bd2 a4 20. a3 Rfd8 21. Rfd1 Rb8 22. h3 Nd7 23. Rab1 Nc5 24. Qc4 Qa7 25. Nc2 Qa5 26. Nb4 Rdc8 27. Qh4 e6 28. Bh6 Bxh6 29. Qxh6 Qb6 30. Qe3 Qc7 31. Rd2 Nb3 32. Rd3 Rd8 33. Rbd1 Rxd3 34. Qxd3 Rc8 35. Qd7 Kg7 36. Qxc7 Rxc7 37. Rd6 Rc4 38. Ra6 Re4 39. Rxa4 Re1+ 40. Kh2 Re2 41. Nd3 Rd2 42. Ne5 Rxf2 43. c4 Rxb2 44. Ra7 Rf2 45. a4 Rf5 46. Nd7 Rf4 47. c5 Rc4 48. a5 Ra4 49. a6 Rc4 50. Ne5 Rxc5 51. Nxf7 Kf6 52. Nd8 Rc2 53. Rf7+ Ke5 54. a7 Ra2 55. Rxh7 Nc5 56. Nc6+ Kd6 57. Nd8 Nd7 58. Rh8 Rxa7 59. Rg8 Ke7 60. Nc6+ Kf7 61. Rd8 Rc7 62. Nd4 Ke7 63. Ra8 Rc4 64. Nf3 Kf6 65. Ra5 Nc5 66. Ra2 Ne4 67. Ra6 Rc5 68. Rb6 Rc2 69. Nd4 Rd2 70. Nxe6 Ke5 71. Ng7 g5 72. Re6+ Kd5 73. Rg6 Ke5 74. Nh5 Kf5 75. Rg8 Ra2 76. Rf8+ Kg6 77. Ng3 Nxg3 78. Kxg3 Ra3+ 79. Kf2 Ra2+ 80. Kg3 Ra3+ 81. Rf3 Ra4 82. Kf2 Ra2+ 83. Kg3 Ra4 84. Kh2 Ra2 85. Rb3 Rc2 86. Kg3 Rd2 87. Kf3 Rd1 88. Rb2 Rd3+ 89. Ke4 Rg3 90. Rf2 Ra3 91. Kd4 Ra4+ 92. Kc5 Ra5+ 93. Kb4 Re5 94. Kc4 Re4+ 95. Kd3 Ra4 96. Ke3 1/2-1/2

[Event "Biel Rapid op 58th"]
[Site "Biel"]
[Date "2025.07.13"]
[Round "5"]
[White "Yu, Tianxiang Carlos"]
[Black "Tereshchenko, Eliza"]
[Result "1-0"]
[WhiteElo "1938"]
[BlackElo "1874"]
[PlyCount "79"]
[EventDate "2025.07.13"]
[EventType "swiss (rapid)"]
[EventRounds "9"]
[EventCountry "SUI"]
[SourceTitle "CB29_2025"]
[SourceDate "2025.07.16"]
[SourceVersion "1"]
[SourceVersionDate "2025.07.16"]
[SourceQuality "1"]

1. e4 c5 2. Nc3 Nc6 3. Bb5 Nd4 4. Nf3 a6 5. Bd3 Ne6 6. 0-0 g6 7. Ne2 Bg7 8. c3 d5 9. exd5 Qxd5 10. Bc2 b5 11. d4 Bb7 12. dxc5 Qxc5 13. Be3 Qc7 14. Ned4 Nxd4 15. Bxd4 Nf6 16. Re1 0-0 17. Qe2 Rfe8 18. Qe5 Qxe5 19. Nxe5 Nd5 20. Rad1 Rac8 21. Be4 f6 22. Nf3 e5 23. Bxe5 Rcd8 24. Bc7 Nxc7 25. Rxd8 Rxd8 26. Bxb7 f5 27. g3 Rb8 28. Bc6 Rb6 29. Bd7 Rd6 30. Bc8 Kf8 31. Bb7 Rb6 32. Bc8 Rd6 33. Ng5 Rd8 34. Ne6+ Nxe6 35. Bxe6 Rd2 36. Rb1 Ke7 37. Bb3 Be5 38. Kf1 Bd6 39. Ke1 Rd3 40. Ke2 1-0

[Event "Reykjavik op"]
[Site "Reykjavik"]
[Date "2025.04.13"]
[Round "7"]
[White "Weidenhoefer, Max"]
[Black "Yu, Tianxiang Carlos"]
[Result "1/2-1/2"]
[WhiteElo "2085"]
[BlackElo "1843"]
[PlyCount "81"]
[EventDate "2025.04.09"]
[EventType "swiss"]
[EventRounds "9"]
[EventCountry "ISL"]
[SourceTitle "CB17_2025"]
[SourceDate "2025.04.23"]
[SourceVersion "1"]
[SourceVersionDate "2025.04.23"]
[SourceQuality "1"]

1. Nf3 c5 2. g3 g6 3. Bg2 Bg7 4. 0-0 Nf6 5. c4 0-0 6. Nc3 Nc6 7. d4 d6 8. e4 cxd4 9. Nxd4 Nxe4 10. Nxc6 Nxc3 11. Nxd8 Nxd1 12. Nxb7 Bxb7 13. Rxd1 Bxg2 14. Kxg2 Rab8 15. Rb1 Rfc8 16. Bg5 Rxc4 17. Bxe7 Rxb2 18. Bxd6 h5 19. Rxb2 Bxb2 20. Bb8 Ra4 21. Rd2 Bf6 22. Kf3 Kg7 23. Rc2 a6 24. Bd6 Bd4 25. Ke2 Bf6 26. Bc5 h4 27. Kd3 hxg3 28. hxg3 Rg4 29. Rc4 Rg5 30. Kc2 Rd5 31. Kb3 Be5 32. Ka4 Bd6 33. Bd4+ Kf8 34. Bc3 Ke7 35. Rd4 Rf5 36. Rd2 Bc5 37. f4 g5 38. Be5 gxf4 39. Bxf4 Bb6 40. Bd6+ Ke6 41. Bf4 1/2-1/2

[Event "Reykjavik op"]
[Site "Reykjavik"]
[Date "2025.04.13"]
[Round "6"]
[White "Yu, Tianxiang Carlos"]
[Black "Thorisson, Benedikt"]
[Result "1-0"]
[WhiteElo "1843"]
[BlackElo "2065"]
[PlyCount "71"]
[EventDate "2025.04.09"]
[EventType "swiss"]
[EventRounds "9"]
[EventCountry "ISL"]
[SourceTitle "CB17_2025"]
[SourceDate "2025.04.23"]
[SourceVersion "1"]
[SourceVersionDate "2025.04.23"]
[SourceQuality "1"]

1. e4 c5 2. Nf3 e6 3. c3 d5 4. e5 Nc6 5. d4 Qb6 6. a3 c4 7. Be2 Nge7 8. Nbd2 Na5 9. h4 Bd7 10. h5 h6 11. Rb1 Rc8 12. Nf1 Nb3 13. Bf4 Ba4 14. N3d2 Qb5 15. Nxb3 Bxb3 16. Qd2 Rc6 17. Ne3 Rb6 18. Ra1 Ba4 19. b4 Qd7 20. 0-0 Nf5 21. g4 Nxe3 22. Bxe3 Be7 23. Kh2 Rf8 24. f4 f5 25. gxf5 exf5 26. Rg1 Rg8 27. Rg3 Qe6 28. Bf3 Qf7 29. Qg2 Bc6 30. Rg1 g5 31. hxg6 Qe6 32. g7 Kd8 33. Rg6 Qf7 34. e6 Qe8 35. Rxh6 Kc7 36. Bh5 1-0

[Event "Reykjavik op"]
[Site "Reykjavik"]
[Date "2025.04.11"]
[Round "4"]
[White "Yu, Tianxiang Carlos"]
[Black "Unzicker, Ferdinand"]
[Result "0-1"]
[WhiteElo "1843"]
[BlackElo "2241"]
[PlyCount "82"]
[EventDate "2025.04.09"]
[EventType "swiss"]
[EventRounds "9"]
[EventCountry "ISL"]
[SourceTitle "CB17_2025"]
[SourceDate "2025.04.23"]
[SourceVersion "1"]
[SourceVersionDate "2025.04.23"]
[SourceQuality "1"]

1. e4 c5 2. Nf3 d6 3. d4 cxd4 4. Nxd4 Nf6 5. Nc3 Nc6 6. Bg5 Bd7 7. Qd2 h6 8. Bxf6 gxf6 9. 0-0-0 Nxd4 10. Qxd4 Qa5 11. Kb1 Rc8 12. Be2 Qc5 13. Rhe1 Bg7 14. Qxc5 Rxc5 15. Nd5 e6 16. Ne3 Ke7 17. f4 b5 18. f5 h5 19. h4 Bh6 20. Bf3 Bf4 21. Rd3 a5 22. Rc1 b4 23. c4 Rhc8 24. b3 Bc6 25. Re1 Re5 26. Nc2 Bg3 27. Rh1 Bf2 28. Rd2 Bc5 29. Re1 Rg8 30. fxe6 fxe6 31. Ree2 a4 32. Ne1 f5 33. Nd3 Bxe4 34. Bxe4 Rxe4 35. Rxe4 fxe4 36. Nxc5 dxc5 37. bxa4 Kf6 38. a3 Rb8 39. Rb2 e3 40. axb4 Rxb4 41. Rxb4 e2 0-1

[Event "Reykjavik op"]
[Site "Reykjavik"]
[Date "2025.04.09"]
[Round "1"]
[White "Sverrisson, Dagur"]
[Black "Yu, Tianxiang Carlos"]
[Result "0-1"]
[WhiteElo "1444"]
[BlackElo "1843"]
[PlyCount "76"]
[EventDate "2025.04.09"]
[EventType "swiss"]
[EventRounds "9"]
[EventCountry "ISL"]
[SourceTitle "CB17_2025"]
[SourceDate "2025.04.23"]
[SourceVersion "1"]
[SourceVersionDate "2025.04.23"]
[SourceQuality "1"]

1. e4 c5 2. Nc3 g6 3. f4 Bg7 4. Nf3 Nc6 5. Bc4 e6 6. d3 Nge7 7. 0-0 0-0 8. Qe1 d5 9. Bb3 Nd4 10. Qh4 a6 11. f5 gxf5 12. Bh6 Ng6 13. Qh3 Nxf3+ 14. Rxf3 fxe4 15. dxe4 c4 16. Ba4 b5 17. exd5 exd5 18. Qh5 Be6 19. b3 bxa4 20. bxc4 dxc4 21. Ne4 Qd4+ 22. Be3 Qxa1+ 23. Rf1 Qe5 24. Qxe5 Bxe5 25. Bh6 Bg7 26. Nf6+ Bxf6 27. Bxf8 Bd4+ 28. Kh1 Rxf8 29. Rd1 Rd8 30. c3 Bf6 31. Rc1 Bxc3 32. h3 Be5 33. Re1 Bg3 34. Rc1 c3 35. Kg1 c2 36. Kf1 Bc4+ 37. Kg1 Rd1+ 38. Rxd1 cxd1Q# 0-1

[Event "North American-ch UNN"]
[Site "Dulles"]
[Date "2024.12.18"]
[Round "1"]
[White "Yu, Tianxiang Carlos"]
[Black "Willy, Stephen"]
[Result "1/2-1/2"]
[WhiteElo "1947"]
[BlackElo "2333"]
[PlyCount "52"]
[EventDate "2024.12.18"]
[EventType "swiss"]
[EventRounds "9"]
[EventCountry "USA"]
[SourceTitle "CB02_2025"]
[SourceDate "2025.01.08"]
[SourceVersion "1"]
[SourceVersionDate "2025.01.08"]
[SourceQuality "1"]

1. e4 d6 2. d4 Nf6 3. Nc3 e5 4. Nge2 Nbd7 5. g3 g6 6. Bg2 Bg7 7. 0-0 0-0 8. h3 c6 9. a4 Re8 10. Be3 exd4 11. Bxd4 b6 12. g4 Qc7 13. Ng3 Rf8 14. Qd2 Ba6 15. Rfe1 Rad8 16. Rad1 Nc5 17. g5 Ne8 18. Bxg7 Nxg7 19. b4 Nce6 20. b5 Bb7 21. Rf1 f6 22. gxf6 Rxf6 23. f4 c5 24. Nd5 Bxd5 25. Qxd5 Kh8 26. f5 gxf5 1/2-1/2

[Event "Tianjin Binhai Cup-B 3rd"]
[Site "Tianjin"]
[Date "2023.08.21"]
[Round "3"]
[White "Zhang, Zhi"]
[Black "Yu, Tianxiang Carlos"]
[Result "1-0"]
[WhiteElo "1791"]
[BlackElo "1299"]
[PlyCount "81"]
[EventDate "2023.08.20"]
[EventType "swiss"]
[EventRounds "9"]
[EventCountry "CHN"]
[SourceTitle "CBM 216 Extra"]
[Source "ChessBase"]
[SourceDate "2023.11.30"]
[SourceVersion "1"]
[SourceVersionDate "2023.11.30"]
[SourceQuality "1"]

1. d4 Nf6 2. Bf4 g6 3. e3 Bg7 4. Be2 0-0 5. h3 d6 6. Nf3 Nc6 7. 0-0 e5 8. Bh2 e4 9. Nfd2 d5 10. c4 Ne7 11. Nc3 c6 12. cxd5 cxd5 13. Rc1 Bd7 14. b4 Rc8 15. Nb3 b6 16. a3 Ne8 17. Ba6 f5 18. Bxc8 Bxc8 19. Nd2 Nf6 20. b5 Nh5 21. f4 Qe8 22. Qb3 Be6 23. Ne2 g5 24. fxg5 Qg6 25. Nf4 Nxf4 26. Bxf4 h6 27. gxh6 Bf6 28. Kh2 Kh8 29. Rc7 Rg8 30. g3 Qh5 31. Qd1 Qe8 32. a4 Bf7 33. Qc1 Bh5 34. Rxa7 Qg6 35. Qc7 Bh4 36. Qe5+ Bf6 37. Rxe7 Bxe5 38. Bxe5+ Rg7 39. Rxg7 Qxh6 40. Rg6+ Kh7 41. Rxh6+ 1-0